Word Ladder: Saved by the Bell Actor Quiz Stats

 Plays Quiz Updated Jun 21, 2015

Challenge
Share
Tweet
Embed
Score 0/12 Timer 01:30
3 Plays Today
Clue 4-Letter Word % Correct
Sound from an angry dogBARK
97.5%
The side of a riverBANK
96.7%
A home for tropical fish in the homeTANK
94.8%
The result of four balls in baseballWALK
91.6%
ConverseTALK
91.4%
A Pink Floyd album, with 'The'WALL
87.5%
'Saved by the Bell' Zack Morris portrayer: [First Rung] [Last Rung] GosselaarMARK
78.8%
Untrue, like a taleTALL
77.8%
Armor made of metallic linksMAIL
75.1%
To follow, usually surreptitiously TAIL
74.6%
'Saved by the Bell' Zack Morris portrayer: [First Rung] [Last Rung] GosselaarPAUL
68%
Darth with the double-sided light saberMAUL
67.6%

Today's Daily Dose

You're not logged in!

Compare scores with friends on all Sporcle quizzes.
OR
Log In

You Might Also Like...

Show Comments

Extras

Top Quizzes Today


Score Distribution

Your Account Isn't Verified!

In order to create a playlist on Sporcle, you need to verify the email address you used during registration. Go to your Sporcle Settings to finish the process.

Report this User

Report this user for behavior that violates our Community Guidelines.

Details: